Catálogo público

Efectividad biológica de Benzoato de Emamectina + Deltametrina para el control de gusano cogollero (Spodoptera frugiperda) en el cultivo del maíz / (Record no. 220050)

MARC details
000 -CABECERA
campo de control de longitud fija 02829nam a22003257a 4500
003 - IDENTIFICADOR DEL NÚMERO DE CONTROL
campo de control OSt
005 - FECHA Y HORA DE LA ÚLTIMA TRANSACCIÓN
campo de control 20240806135041.0
007 - CAMPO FIJO DE DESCRIPCIÓN FÍSICA--INFORMACIÓN GENERAL
campo de control de longitud fija cr ||||||a|c|a
008 - DATOS DE LONGITUD FIJA--INFORMACIÓN GENERAL
campo de control de longitud fija 240802s2023 mx ad||fom||| 001 0 spa d
040 ## - FUENTE DE LA CATALOGACIÓN
Normas de descripción rda
100 1# - ENTRADA PRINCIPAL--NOMBRE DE PERSONA
Nombre de persona Najera Antonio, Fabiola
9 (RLIN) 189377
245 10 - MENCIÓN DE TÍTULO
Título Efectividad biológica de Benzoato de Emamectina + Deltametrina para el control de gusano cogollero (Spodoptera frugiperda) en el cultivo del maíz /
Mención de responsabilidad, etc. por Fabiola Najera Antonio; presidente Manuel Alejandro Tejeda Reyes; secretario Amado Pérez Rodríguez; vocal Roberto Abraham Ocampo Ruíz; suplente Miguel Angel Flores Hernández; suplente Calixto Leopoldo Carrillo Fonseca
264 #1 - PRODUCCIÓN, PUBLICACIÓN, DISTRIBUCIÓN, FABRICACIÓN Y COPYRIGHT
Producción, publicación, distribución, fabricación y copyright Chapingo, México :
Nombre del de productor, editor, distribuidor, fabricante El autor,
Fecha de producción, publicación, distribución, fabricación o copyright 2023.
300 ## - DESCRIPCIÓN FÍSICA
Extensión 1 recurso en línea (22 páginas):
Otras características físicas Ilustraciones, cuadros, gráficas
336 ## - TIPO DE CONTENIDO
Fuente rdacontent
Término de tipo de contenido texto
Código de tipo de contenido txt
337 ## - TIPO DE MEDIO
Fuente rdamedia
Nombre/término del tipo de medio computadora
Código del tipo de medio c
338 ## - TIPO DE SOPORTE
Fuente rdacarrier
Nombre/término del tipo de soporte recurso en línea
Código del tipo de soporte cr
502 ## - NOTA DE TESIS
Tipo de título Ingeniero Agrónomo Especialista en Parasitología Agrícola
Nombre de la institución que otorga el título Departamento de Enseñanza, Investigación y Servicio en Parasitología Agrícola,
Año de obtención del título 2023
Información miscelánea Licenciatura
504 ## - NOTA DE BIBLIOGRAFÍA, ETC.
Nota de bibliografía, etc. Incluye referencias bibliográficas: páginas 21-22
520 ## - SUMARIO, ETC.
Sumario, etc. El gusano cogollero (Spodoptera frugiperda) es una de las principales plagas que afectan la producción de maíz en México. La presente investigación se llevó a cabo en Yautepec, Morelos. Con el objetivo de evaluar la eficacia biológica y el efecto fitotóxico de Benzoato de emamectina + deltametrina para el control de gusano cogollero (Spodoptera frugiperda) en el cultivo del maíz. Los tratamientos a evaluar se hicieron en un diseño en bloques completamente al azar, con cuatro repeticiones de cada tratamiento, cada unidad experimental estuvo constituida por 20 m2 compuesto por 5 surcos de 0.8 m por 5 m de largo, 80 m2 de tratamiento y 400 m2 total de la superficie. Los tratamientos se aplicaron por única vez, con una mochila motorizada. Se realizó un muestreo previo, y posteriormente se realizaron evaluaciones de eficacia a los 3, 7, 10 y 14 días después de la aplicación de los tratamientos. De los tratamientos evaluados, ninguno presentó efecto fitotóxico en el cultivo. Las dosis evaluadas de Benzoato de emamectina + deltametrina (400, 500 y 600 mL/ha) demostraron tener eficacias de control contra el gusano cogollero (Spodoptera frugiperda) en cultivo de maíz.
650 #4 - PUNTO DE ACCESO ADICIONAL DE MATERIA--TÉRMINO DE MATERIA
Término de materia o nombre geográfico como elemento de entrada Gusano cogollero del maíz
Subdivisión general Control
9 (RLIN) 136697
650 #4 - PUNTO DE ACCESO ADICIONAL DE MATERIA--TÉRMINO DE MATERIA
Término de materia o nombre geográfico como elemento de entrada Maíz
Subdivisión general Plagas
-- Control
9 (RLIN) 71035
700 1# - PUNTO DE ACCESO ADICIONAL--NOMBRE DE PERSONA
Nombre de persona Tejeda Reyes, Manuel Alejandro
9 (RLIN) 112025
Término indicativo de función/relación presidente
700 1# - PUNTO DE ACCESO ADICIONAL--NOMBRE DE PERSONA
Nombre de persona Pérez Rodríguez, Amado
9 (RLIN) 89979
Término indicativo de función/relación secretario
700 1# - PUNTO DE ACCESO ADICIONAL--NOMBRE DE PERSONA
Nombre de persona Ocampo Ruiz, Roberto Abraham
9 (RLIN) 82612
Término indicativo de función/relación vocal
700 1# - PUNTO DE ACCESO ADICIONAL--NOMBRE DE PERSONA
Nombre de persona Flores Hernández, Miguel Ángel
9 (RLIN) 136325
Término indicativo de función/relación suplente
700 1# - PUNTO DE ACCESO ADICIONAL--NOMBRE DE PERSONA
Nombre de persona Carrillo Fonseca, Calixto Leopoldo
9 (RLIN) 19482
Término indicativo de función/relación suplente
856 ## - LOCALIZACIÓN Y ACCESO ELECTRÓNICOS
Identificador Uniforme del Recurso http://10.13.5.2/tesis/tl/1211712-4_NAJERA_ANTONIO_FABIOLA.pdf
Nota pública DESCARGAR PDF
942 ## - ELEMENTOS DE PUNTO DE ACCESO ADICIONAL (KOHA)
Fuente del sistema de clasificación o colocación Clasificación Universidad Autónoma Chapingo
Tipo de ítem Koha Tesis digital
Holdings
Estado de retiro Estado de pérdida Fuente del sistema de clasificación o colocación Estado dañado Restricciones de uso No para préstamo Código de colección Localización permanente Ubicación/localización actual Ubicación en estantería Fecha de adquisición Total de préstamos Signatura topográfica completa Fecha visto por última vez Precio válido a partir de Tipo de ítem Koha
    Clasificación Universidad Autónoma de Chapingo   Préstamo interno   Tesis digitales de Licenciatura Biblioteca Digital Biblioteca Digital En línea 02/08/2024   Tesis digital 02/08/2024 02/08/2024 Tesis digital